000 00533nam a2200193Ia 4500
005 20250923145947.0
008 008 250917s9999 xx 000 0 eng d
037 _aTextual
040 _aDSWL
_beng
_cDSWL
041 _aeng
_2eng
084 _an2,N53, N97
_qDSWL
245 0 _aIndia. 1996. A Refearence Annual
_c by (Min. India
260 _aNew Delhi
_b Dip. of Publications
_c1997
300 _a733 p.
365 _aINR
_b160.00
925 _g160.00
942 _cTEXL
_hn2,N53, N97
999 _c1457841
_d1457841